| 000 | 00417nam a22001697a 4500 | ||
|---|---|---|---|
| 005 | 20240318131935.0 | ||
| 008 | 160614b xxu||||| |||| 00| 0 eng d | ||
| 020 | _a81-7808-437-6 | ||
| 041 | _aeng | ||
| 082 | _b658.001 | ||
| 100 |
_aCHOWDHURY SUBIR _98420 |
||
| 245 | _aYOU CAN GET TO THE POWER OF SIX SIGMA | ||
| 260 |
_aDelhi _bpearson education _c2001 |
||
| 300 | _a128;P | ||
| 650 | _aManagement | ||
| 942 | _cBK | ||
| 999 |
_c2604 _d2603 |
||